000 00505nam a2200169 a 4500
001 000025696
005 20240229180118.0
008 090916s2015 dr 000 0 spa d
020 _a9789945872217
040 _aDO-SdBNP
_bspa
_cBNPHU
082 _axxxxx
_bxxxx
100 1 _aNg Cortiñas, Haivanjoe
_921599
245 1 0 _aHechos monetarios y fiscales /
_cHaivanjoe NG Cortiñas.
260 _aSanto Domingo :
_bLuxe,
_c2015.
300 _a378 p. ;
_c22 cm.
500 _aIncluye datos biográficos del autor
999 _c25188
_d25188